00614nam a2200181Ia 4500001002900000003000900029008004100038040002300079041001300102100002000115245007900135250001500214260002300229300001900252490001900271501012400290700001800414282.082 092-MIL lo al (2512)IT-MiSPE171229s9999||||xx |||||||||||||| ||und|| aIT-MiSPEcIT-MiSPE aITALIANO aLorenzo Milani  0a...E allora don Milani fondò una scuolabLettere da Barbiana e S. Donato a1a ed. (v) aRomabCoinesc1977 a176 p. c19 cm aUniversalev68 aEdizioni San Paolo srl - Piazza Soncino, 5 - 20092 CINISELLO BALSAMO (MI) (non commercial uses only) ® Copyright 2018 aMario Lancisi